Statistics for Guess the Characters in Danganronpa V3

Click here to take the quiz!

General Stats

  • This quiz has been taken 1,338 times
  • The average score is 12 of 16

Answer Stats

UltimateAnswer% Correct
PianistKaede Akamatsu
92%
Supreme LeaderKokichi Oma
87%
InventorMiu Iruma
86%
Tennis ProRyoma Hoshi
84%
AstronautKaito Momota
83%
ArtistAngie Yonaga
82%
DetectiveShuichi Saihara
82%
EntomologistGonta Gokuhara
79%
MaidKirumi Tojo
79%
MagicianHimiko Yumeno
76%
Child CaregiverMaki Harukawa
75%
Aikido MasterTenko Chabashira
73%
AnthropologistKorekiyo Shinguji
71%
RobotKiibo
69%
???Rantarou Amami
56%
CosplayerTsumigi Shirogane/Junko Enoshima the 53rd
44%

Score Distribution

Percentile by Number Answered

Percent of People with Each Score

Your Score History

You have not taken this quiz